000 004480000a22001810004500
999 _c48262
_d48262
001 1086
003 CO-MdFUSB
005 20170719161306.0
008 170719b xxu||||| |||| 00| 0 eng d
020 _a958-04-7699-3
040 _cCO-MdBIC
082 0 4 _a863C F854mb
100 1 _aBourgeois, Paulette
245 1 0 _aFranklin monta en bicicleta / Paulette Bourgeois
260 _aBogotá : Norma
650 1 4 _aLiteratura infantil
942 _cLGB